[Event "Titled Tuesday intern op 02nd Apr Early"]
[Site "Chess.com INT"]
[Date "2024.04.02"]
[Round "5"]
[White "Dinu, Dumitru Daniel"]
[Black "Rose, Felix"]
[Result "0-1"]
[WhiteElo "2190"]
[BlackElo "2091"]
[PlyCount "166"]
[EventDate "2024.04.02"]
[EventType "swiss (blitz)"]
[EventRounds "11"]
[EventCountry "USA"]
[SourceTitle "CB15_2024"]
[SourceDate "2024.04.10"]
[SourceVersion "1"]
[SourceVersionDate "2024.04.10"]
[SourceQuality "1"]

1. e4 e5 2. Nf3 Nc6 3. Nc3 Nf6 4. Bb5 Bb4 5. Bxc6 dxc6 6. d3 Nd7 7. 0-0 0-0 8. Ne2 Be7 9. h3 f6 10. Nh2 Nc5 11. b3 Ne6 12. Kh1 Bd6 13. f4 Nxf4 14. Nxf4 exf4 15. Bxf4 Bxf4 16. Rxf4 Qd6 17. Rf2 a5 18. a4 Be6 19. Qd2 Rfd8 20. Raf1 b5 21. Qc3 b4 22. Qe1 c5 23. Qe3 Re8 24. Nf3 Bd7 25. Qc1 c4 26. dxc4 Rxe4 27. Rd2 Qe7 28. Qd1 Bc6 29. Nd4 Bd7 30. Nf3 Bc6 31. Nd4 Bd7 32. Qf3 Re8 33. Nf5 Bxf5 34. Qxf5 Re5 35. Qf3 Rd8 36. Rxd8+ Qxd8 37. Rd1 Qe8 38. Qf4 Re1+ 39. Rxe1 Qxe1+ 40. Kh2 Qe5 41. Qxe5 fxe5 42. Kg3 Kf7 43. Kf3 Ke6 44. Ke4 g5 45. c5 h5 46. g3 g4 47. hxg4 hxg4 48. c6 Kf6 49. Kd5 Kf5 50. Kc5 Ke4 51. Kb5 Kf3 52. Ka6 e4 53. Kb7 e3 54. Kxc7 e2 55. Kb8 e1Q 56. c7 Qxg3 57. Ka8 Qxc7 58. c4 bxc3 59. b4 c2 60. b5 c1Q 61. b6 Qc8+ 62. Ka7 Qd8 63. Ka6 Qc4+ 64. Ka7 Qe7+ 65. b7 Qcc5+ 66. Ka8 Qd8+ 67. b8Q Qc6+ 68. Ka7 Qxb8+ 69. Kxb8 Qxa4 70. Ka7 Qd7+ 71. Kb6 a4 72. Kc5 a3 73. Kb4 a2 74. Kc4 Qe6+ 75. Kb4 a1Q 76. Kc5 Qae5+ 77. Kb4 Q6d6+ 78. Kb3 g3 79. Kc4 g2 80. Kb3 g1Q 81. Kc4 Qc1+ 82. Kb3 Qb5+ 83. Ka2 Qda3# 0-1

[Event "Titled Tuesday intern op 02nd Apr Early"]
[Site "Chess.com INT"]
[Date "2024.04.02"]
[Round "8"]
[White "Rose, Felix"]
[Black "Vlassov, Nikolai"]
[Result "0-1"]
[WhiteElo "2091"]
[BlackElo "2299"]
[PlyCount "86"]
[EventDate "2024.04.02"]
[EventType "swiss (blitz)"]
[EventRounds "11"]
[EventCountry "USA"]
[SourceTitle "CB15_2024"]
[SourceDate "2024.04.10"]
[SourceVersion "1"]
[SourceVersionDate "2024.04.10"]
[SourceQuality "1"]

1. e4 Nc6 2. Nf3 d5 3. exd5 Qxd5 4. Nc3 Qa5 5. d4 Bg4 6. Bb5 0-0-0 7. Bxc6 bxc6 8. h3 Qh5 9. Be3 e5 10. Qd3 Bxf3 11. Qa6+ Kd7 12. gxf3 Qxf3 13. Rg1 exd4 14. Bxd4 Re8+ 15. Be3 Bd6 16. Qxa7 Nf6 17. Qd4 Rxe3+ 18. fxe3 Re8 19. Kd2 Ne4+ 20. Nxe4 Rxe4 21. Qd3 Rxe3 22. Qf1 Qe4 23. Re1 Bf4 24. Qxf4 Qxf4 25. Rxe3 g6 26. Rge1 f5 27. Kd1 Kc8 28. b3 Kb7 29. Kc1 g5 30. Kb2 g4 31. hxg4 fxg4 32. Re7 h5 33. a4 h4 34. R7e4 Qf6+ 35. Ka2 g3 36. Rg4 Qf2 37. Ree4 Qxc2+ 38. Ka3 Qc1+ 39. Kb4 Qd2+ 40. Ka3 g2 41. Rxh4 g1Q 42. Rb4+ Ka6 43. Rbc4 Qa1# 0-1

[Event "Titled Tuesday intern op 12th Mar Late"]
[Site "Chess.com INT"]
[Date "2024.03.12"]
[Round "5"]
[White "Mkrtchyan, Mikayel"]
[Black "Rose, Felix"]
[Result "1-0"]
[WhiteElo "2071"]
[BlackElo "2091"]
[PlyCount "81"]
[EventDate "2024.03.12"]
[EventType "swiss (blitz)"]
[EventRounds "11"]
[EventCountry "USA"]
[SourceTitle "CB12_2024"]
[SourceDate "2023.10.01"]
[SourceVersion "1"]
[SourceVersionDate "2023.10.01"]
[SourceQuality "1"]

1. e4 e5 2. Nf3 Nc6 3. Bb5 a6 4. Ba4 Nf6 5. 0-0 b5 6. Bb3 Bc5 7. d3 d6 8. a4 Rb8 9. Be3 Bb6 10. Nc3 0-0 11. h3 b4 12. Nd5 Nxd5 13. exd5 Ne7 14. d4 e4 15. Nh2 f5 16. a5 Ba7 17. f4 Bb7 18. Qe2 Kh8 19. Ra4 Qc8 20. Rxb4 Nxd5 21. Bxd5 Bxd5 22. Rxb8 Bxb8 23. c3 Qb7 24. b4 Qc6 25. Rd1 Bc4 26. Qh5 d5 27. g4 Qg6 28. Qxg6 hxg6 29. gxf5 Rxf5 30. Rd2 c6 31. Rf2 Kg8 32. Kg2 Bd6 33. Ng4 Kf7 34. Kg3 Bd3 35. h4 Bc4 36. Rh2 Rh5 37. Nf2 Bb5 38. Nh3 Rf5 39. Ng5+ Kf6 40. Kg4 c5 41. dxc5 1-0

[Event "Titled Tuesday intern op 12th Mar Early"]
[Site "Chess.com INT"]
[Date "2024.03.12"]
[Round "11"]
[White "Rose, Felix"]
[Black "Melikhov, Evgeny V"]
[Result "0-1"]
[WhiteElo "2091"]
[BlackElo "2172"]
[PlyCount "85"]
[EventDate "2024.03.12"]
[EventType "swiss (blitz)"]
[EventRounds "11"]
[EventCountry "USA"]
[SourceTitle "CB12_2024"]
[SourceDate "2023.10.01"]
[SourceVersion "1"]
[SourceVersionDate "2023.10.01"]
[SourceQuality "1"]

1. d4 e5 2. dxe5 d6 3. e4 dxe5 4. Qxd8+ Kxd8 5. Bc4 Ke8 6. Nc3 Nf6 7. Bg5 c6 8. 0-0-0 Be6 9. Bxe6 fxe6 10. f3 Nbd7 11. Nge2 h6 12. Be3 Bc5 13. Bxc5 Nxc5 14. Rd2 Rd8 15. Rhd1 Rxd2 16. Rxd2 Ke7 17. b4 Ncd7 18. Kb2 b5 19. a4 Nb6 20. Kb3 Nc4 21. Rd1 a6 22. axb5 axb5 23. Ra1 Rd8 24. Ra6 Rd6 25. Ra7+ Nd7 26. Ra8 Rd2 27. Rc8 Kd6 28. Rg8 Ne3 29. Rxg7 Nb6 30. f4 Nbc4 31. fxe5+ Kxe5 32. g3 Rxc2 33. Nd1 Rxe2 34. Nxe3 Rxe3+ 35. Kc2 Rxe4 36. Rg6 Kd4 37. Rxh6 Re2+ 38. Kd1 Kd3 39. Rh8 Ne3+ 40. Kc1 Kc3 41. Kb1 Re1+ 42. Ka2 Nc2 43. Rc8 0-1

[Event "Titled Tuesday intern op 12th Mar Early"]
[Site "Chess.com INT"]
[Date "2024.03.12"]
[Round "6"]
[White "Rose, Felix"]
[Black "Sihite, Chelsie Monica"]
[Result "1-0"]
[WhiteElo "2091"]
[BlackElo "2245"]
[PlyCount "143"]
[EventDate "2024.03.12"]
[EventType "swiss (blitz)"]
[EventRounds "11"]
[EventCountry "USA"]
[SourceTitle "CB12_2024"]
[SourceDate "2023.10.01"]
[SourceVersion "1"]
[SourceVersionDate "2023.10.01"]
[SourceQuality "1"]

1. d4 Nf6 2. Nc3 d5 3. Bf4 g6 4. e3 Bg7 5. Bd3 0-0 6. h4 c5 7. h5 Bg4 8. Be2 gxh5 9. Bxg4 hxg4 10. dxc5 Nc6 11. Qd3 e5 12. Bg5 e4 13. Qd2 Re8 14. 0-0-0 d4 15. exd4 Nb4 16. d5 e3 17. fxe3 Qa5 18. a3 Rac8 19. Kb1 Na6 20. Bxf6 Bxf6 21. Ne4 Qd8 22. Nxf6+ Qxf6 23. Qd3 Qg7 24. b4 Red8 25. Ne2 Nc7 26. d6 Ne6 27. Nd4 Nxd4 28. Qxd4 b6 29. Qxg7+ Kxg7 30. Rd5 bxc5 31. bxc5 f6 32. Rh4 Rc6 33. Rxg4+ Kf7 34. Re4 Rb8+ 35. Kc1 Rd8 36. Re7+ Kg6 37. d7 Rc7 38. c6 Rxc6 39. Re8 Rxd7 40. Rxd7 h5 41. Rg8+ Kf5 42. Rh7 h4 43. Rxh4 Rc3 44. Rf4+ Ke6 45. Re8+ Kf7 46. Rc8 Rxc8 47. g4 Ke6 48. Ra4 Rc7 49. Ra6+ Ke5 50. Ra5+ Ke4 51. Rf5 Kxe3 52. Rxf6 Rg7 53. Ra6 Kd4 54. g5 Kc5 55. g6 Kb5 56. Rf6 a5 57. Kb2 Kc4 58. Rc6+ Kb5 59. Rf6 Kc4 60. Kc1 Kb5 61. Kd2 Ka4 62. Ra6 Kxa3 63. Rxa5+ Kb4 64. Rg5 Kc4 65. Ke3 Re7+ 66. Kf4 Rg7 67. Kf5 Kc3 68. Kf6 Rc7 69. g7 Kxc2 70. g8Q Rc3 71. Rg2+ Kd3 72. Qg6+ 1-0

[Event "Titled Tuesday intern op 06th Feb Early"]
[Site "Chess.com INT"]
[Date "2024.02.06"]
[Round "9"]
[White "Rose, Felix"]
[Black "Piddubna, Bozhena"]
[Result "0-1"]
[WhiteElo "2091"]
[BlackElo "2035"]
[PlyCount "96"]
[EventDate "2024.02.06"]
[EventType "swiss (blitz)"]
[EventRounds "11"]
[EventCountry "USA"]
[SourceTitle "CB07_2024"]
[SourceDate "2024.02.14"]
[SourceVersion "1"]
[SourceVersionDate "2024.02.14"]
[SourceQuality "1"]

1. d4 Nf6 2. Bf4 d5 3. Nc3 e6 4. Nb5 Na6 5. e3 c6 6. Nc3 Bd6 7. Bxd6 Qxd6 8. Bxa6 bxa6 9. Nf3 0-0 10. 0-0 c5 11. Na4 Ne4 12. dxc5 Nxc5 13. Nxc5 Qxc5 14. c3 Rb8 15. Qe2 Bd7 16. Rfd1 Bb5 17. Qd2 h6 18. h4 Rfc8 19. Qd4 Be2 20. Rd2 Bxf3 21. gxf3 Qe7 22. Kh2 Rc4 23. Qe5 Qxh4+ 24. Kg2 Qg5+ 25. Qxg5 hxg5 26. Kg3 Kh7 27. a4 Rb3 28. a5 Kg6 29. Ra2 Rc5 30. Rd4 Rcb5 31. Rd2 Kf5 32. Kg2 Ke5 33. Kg3 f5 34. Kg2 f4 35. Kh3 Kf5 36. Kg2 Rc5 37. Rd4 Rbb5 38. e4+ dxe4 39. fxe4+ Kg4 40. f3+ Kh4 41. Rda4 g4 42. fxg4 Kxg4 43. Kf2 Rb8 44. Ra1 Rxb2+ 45. Kg1 Kg3 46. c4 f3 47. R4a3 Rh5 48. R3a2 f2+ 0-1